00526 2200205 4500001002100000005001500021008004100036020001800077035001900095041000700114082000800121090001400129100002000143700002000163700001800183245002800201260003700229300003400266650002000300INLIS00000000001521720241224114906241224||||||||| | ||| |||| || |  a979-692-381-5 0010-1224015217 aid0 a500 a500 NUR k0 aDewi Nurmayanti0 aEndang Sugriati0 aSofia Mansoor00aKehidupan Tumbuhan Laut aBandungbRemaja Rosdakaryac2007 a28x21 cm, iv, 36 hlm.; ilus.: 0aIlmu-ilmu Murni